MARC

Tag First Indicator Second Indicator Subfields
LEADER 00000cam a2200000 a 4500
001 in00000089706
005 20151008065506.0
008 810324s1981 nyua b 10100 eng
010 |a  81002320  
020 |a 0471081485 
035 |a (OCoLC)07328786 
035 |9 AAK6047AM 
039 0 |a 2  |b 3  |c 3  |d 3  |e 3 
040 |a DLC  |c DLC  |d OCL  |d TXA  |d UtOrBLW 
049 |a TXAM  |c [388263] 
050 0 0 |a QP431  |b .B65 
060 0 |a W3 TA167 3rd 1979b  |a WL 702 T164 1979b 
082 0 |a 599.01/82  |2 19 
245 0 0 |a Brain mechanisms of sensation /  |c edited by Yasuji Katsuki, Ralph Norgren, Masayasu Sato. 
264 1 |a New York :  |b J. Wiley,  |c [1981] 
264 4 |c ©1981 
300 |a xi, 329 pages :  |b illustrations ;  |c 26 cm. 
336 |a text  |b txt  |2 rdacontent 
337 |a unmediated  |b n  |2 rdamedia 
338 |a volume  |b nc  |2 rdacarrier 
490 1 |a Wiley medical publication 
500 |a Papers presented at the Third Taniguchi Symposium of Brain Sciences, held at Katata, Oct. 21-24, 1979, sponsored by the Taniguchi Foundation. 
504 |a Includes bibliographical references and index. 
650 0 |a Senses and sensation  |v Congresses. 
650 0 |a Brain  |x Localization of functions  |v Congresses. 
650 0 |a Afferent pathways  |v Congresses. 
650 2 |a Sensation  |x physiology  |x Congresses. 
650 2 |a Cerebral Cortex  |x physiology  |x Congresses. 
650 2 |a Hypothalamus  |x physiology  |x Congresses. 
700 1 |a Katsuki, Yasuji,  |d 1905- 
700 1 |a Satō, Masayasu,  |d 1919- 
700 1 |a Norgren, Ralph. 
710 2 |a Taniguchi Kōgyō Shōreikai. 
711 2 |a Taniguchi Symposium of Brain Sciences  |n (3rd :  |d 1979 :  |c Katata-cho, Japan) 
830 0 |a Wiley medical publication. 
999 |a MARS 
999 f f |s 4668e4a4-9472-351a-a8bb-605219584bd0  |i 3312e0e2-ff3c-3269-938d-110d2f77bfe9  |t 0 
952 f f |p ric  |a Texas A&M University  |b Rellis Campus  |c Joint Library Facility  |d Remote Storage  |t 0  |e QP431 .B65  |h Library of Congress classification  |i unmediated -- volume  |m A14806224447 
998 f f |a QP431 .B65  |t 0  |l Remote Storage